Desert (Record no. 35888)

MARC details
000 -LEADER
fixed length control field 00270nam a2200109Ia 4500
082 ## - DEWEY DECIMAL CLASSIFICATION NUMBER
Classification number 551.45
Item number LEO
100 ## - MAIN ENTRY--AUTHOR NAME
Personal name Leopold, A Starker
245 #0 - TITLE STATEMENT
Title Desert
260 ## - PUBLICATION, DISTRIBUTION, ETC. (IMPRINT)
Place of publication Nederland
Name of publisher Time Life International
Year of publication 1977
942 ## - ADDED ENTRY ELEMENTS (KOHA)
Koha item type Books
Holdings
Withdrawn status Lost status Damaged status Not for loan Home library Current library Date acquired Cost, normal purchase price Full call number Accession Number Koha item type
        RRII Library RRII Library 16/12/2021 2.95 551.45 LEO 16308 Books